Circuitos eléctricos : (Registro nro. 21568)

Detalles MARC
000 -Cabecera
Campo de control interno 00507nam a22002057a 4500
005 - Fecha y hora del registro
control field 20260316101225.0
008 - Elementos de Longitud Fija
fixed length control field 260316b |||||||| |||| 00| 0 spa d
041 ## - Idioma
Codigo Idioma ESP
082 ## - DEWEY y NOTACIÓN INTERNA
Dewey 621.3192
Notación Interna P61 2002 T. 1
100 ## - AUTOR
Autor denominación Pueyo, Héctor O.
245 ## - TÍTULO DE MATERIAL BIBLIOGRÁFICO
Título Circuitos eléctricos :
Título paralelo análisis de modelos circuitales
260 ## - CIUDAD, EDITORIAL, AÑO
Ciudad :
Nombre de la Editorial ,
Año 2002
300 ## - DESCRIPCIÓN
N° Páginas 000 páginas :
Otros detalles ;
Dimensiones 23cm.
440 ## - MENCIÓN DE SERIE
Título de la Serie ;
650 ## - TEMAS
Temas Tecnología (Ciencias Aplicadas)
654 ## - PROGRAMAS
Programa Dpto. de Ingeniería Electrónica y Telecomunicaciones
700 ## - OTROS AUTORES
Otros autores ;
942 ## - ELEMENTOS DE KOHA
Tipo de documento Libro
Nombre del creador Justo Noguera
Código de catalogador Justo Noguera
Esquema de clasificación Dewey Decimal Classification
Existencias
Codigo completo Registro Colección Copia número Disponibilidad Tipo de préstamo Biblioteca Actual Procedencia (Biblioteca) Ubicacón Fecha Ingreso Tipo de Adquisición Date last seen Total checkouts Price effective from Tipo de Item Estado del Material Fuente de Clasificación Damaged status Withdrawn status
621.3192 P61 2002 T. 1 U0015543 Universidad Católica San Pablo 1 Disponible Disponible Víctor Andrés Belaunde Víctor Andrés Belaunde Segundo piso 16/03/2026 Compra 16/03/2026   16/03/2026 Libro Bueno Dewey Decimal Classification